000 00369nam a2200121Ia 4500
008 220216s9999 xx 000 0 und d
100 _aGeorge K.T
245 0 _aProposal for optional control of rubber nurseries in India
260 _bRubber Research Institute of India, Kottayam, India, 17p.
650 _aOptional control
650 _aRubber nurseries
942 _cBS
999 _c49872
_d49872